[Event "POL-ch Blitz U18 Girls"]
[Site "Bydgoszcz"]
[Date "2023.08.31"]
[Round "2"]
[White "Wieczorek, Maja"]
[Black "Konkol, Sandra"]
[Result "1/2-1/2"]
[WhiteElo "1213"]
[BlackElo "1407"]
[PlyCount "123"]
[EventDate "2023.08.28"]
[EventType "swiss"]
[EventRounds "9"]
[EventCountry "POL"]
[SourceTitle "CBM 216 Extra"]
[Source "ChessBase"]
[SourceDate "2023.11.30"]
[SourceVersion "1"]
[SourceVersionDate "2023.11.30"]
[SourceQuality "1"]

1. e4 c5 2. Nf3 d6 3. Nc3 Nf6 4. d4 cxd4 5. Nxd4 a6 6. Bg5 e5 7. Bxf6 Qxf6 8. Nd5 Qd8 9. Nf3 Be6 10. Bc4 Nc6 11. 0-0 Be7 12. a3 0-0 13. c3 Rc8 14. Ba2 f5 15. exf5 Rxf5 16. Ne3 Rf6 17. Nd5 Rg6 18. Kh1 Kh8 19. Re1 Qf8 20. Nxe7 Qxe7 21. Bxe6 Qxe6 22. Nd4 Nxd4 23. cxd4 Qd5 24. f3 exd4 25. Re4 h6 26. Rxd4 Qc5 27. h3 Qc2 28. Qxc2 Rxc2 29. Rg1 Rxb2 30. g4 Rb3 31. Ra4 Rxf3 32. Kg2 Rgf6 33. Rd1 Rf2+ 34. Kg3 R6f3+ 35. Kh4 g5+ 36. Kh5 Kh7 37. Rh1 Rf1 38. Rh2 Rg3 39. Re4 Rf7 40. Re6 Rxa3 41. Rxh6+ Kg7 42. Rg6+ Kf8 43. Kxg5 Ra5+ 44. Kh6 Ke7 45. Re2+ Re5 46. Rc2 Rf6 47. Rc7+ Ke6 48. Rxf6+ Kxf6 49. h4 Re4 50. g5+ Ke6 51. h5 d5 52. g6 Rg4 53. g7 d4 54. Kh7 d3 55. g8Q+ Rxg8 56. Kxg8 d2 57. h6 d1Q 58. h7 Qg4+ 59. Rg7 Qc4 60. h8Q Kf6+ 61. Kh7 Qg8+ 62. Kxg8 1/2-1/2

[Event "POL-ch U12 Girls"]
[Site "Uniejow"]
[Date "2021.07.24"]
[Round "8"]
[White "Gaszka, Zuzanna"]
[Black "Konkol, Sandra"]
[Result "1-0"]
[WhiteElo "1474"]
[BlackElo "1264"]
[PlyCount "87"]
[EventDate "2021.07.18"]
[EventType "swiss"]
[EventRounds "9"]
[EventCountry "POL"]
[SourceTitle "EXT 2022"]
[Source "ChessBase"]
[SourceDate "2021.10.06"]
[SourceVersion "1"]
[SourceVersionDate "2021.10.06"]
[SourceQuality "1"]

1. d4 d6 2. e4 Nf6 3. Nc3 e5 4. Nge2 Nbd7 5. g3 Be7 6. Bg2 0-0 7. 0-0 c6 8. a4 b6 9. h3 a6 10. g4 c5 11. dxe5 dxe5 12. Ng3 Bb7 13. Nf5 g6 14. Ng3 Qc7 15. Qf3 Ne8 16. Bh6 Ng7 17. Rfd1 Rfd8 18. Bf1 Nf6 19. Bc4 Bf8 20. Qxf6 Ne8 21. Qg5 Be7 22. Qe3 Rd4 23. Nd5 Qd6 24. Rxd4 cxd4 25. Qb3 Rd8 26. Nxb6 Qf6 27. Bd2 Nd6 28. Nd5 Qh4 29. Kg2 Nxc4 30. Nxe7+ Qxe7 31. Qxc4 Rc8 32. Qb3 Qc7 33. Rc1 Bc6 34. a5 Bb5 35. Qf3 Qd6 36. Ne2 Rb8 37. b3 Rf8 38. Ng3 Rb8 39. Bg5 Kg7 40. h4 h6 41. Bd2 Rc8 42. Bxh6+ Kxh6 43. Qxf7 Rf8 44. g5# 1-0

[Event "POL-ch U12 Girls"]
[Site "Uniejow"]
[Date "2021.07.20"]
[Round "3"]
[White "Konkol, Sandra"]
[Black "Swiderska, Jagoda"]
[Result "1/2-1/2"]
[WhiteElo "1264"]
[BlackElo "1127"]
[PlyCount "103"]
[EventDate "2021.07.18"]
[EventType "swiss"]
[EventRounds "9"]
[EventCountry "POL"]
[SourceTitle "EXT 2022"]
[Source "ChessBase"]
[SourceDate "2021.10.06"]
[SourceVersion "1"]
[SourceVersionDate "2021.10.06"]
[SourceQuality "1"]

1. e4 c5 2. c4 d6 3. Nc3 Nc6 4. g3 g6 5. Bg2 Bg7 6. Nge2 Nf6 7. 0-0 0-0 8. d3 Re8 9. f4 e6 10. h3 Bd7 11. Be3 a6 12. e5 dxe5 13. fxe5 Nxe5 14. Bxc5 Rc8 15. Bd6 Nc6 16. c5 e5 17. Na4 e4 18. dxe4 Nxe4 19. Bxe4 Rxe4 20. Nb6 Bxh3 21. Rf2 Bg4 22. Nxc8 Qxc8 23. Qc2 Qe8 24. Nc3 Bxc3 25. Qxc3 Nd4 26. Kg2 Qc6 27. Kh2 Qd5 28. Rh1 Nf3+ 29. Kg2 Rc4 30. Qe3 Nd2+ 31. Kh2 Ne4 32. Qh6 Qh5+ 33. Qxh5 Bxh5 34. Rf4 Rc2+ 35. Kg1 Nxg3 36. Rh2 Rc1+ 37. Kf2 Ne2 38. Re4 Rc2 39. Re8+ Kg7 40. Rxh5 Nf4+ 41. Ke3 Nxh5 42. Kd3 Rg2 43. Re7 Kf6 44. Rxb7 Ke6 45. Re7+ Kd5 46. Rxf7 Rxb2 47. Rxh7 Rxa2 48. Rh8 Nf6 49. Rc8 Ne4 50. Bf8 Ra3+ 51. Ke2 Rc3 52. Ra8 1/2-1/2

[Event "POL-chT U20 2nd League"]
[Site "Sypniewo"]
[Date "2020.??.??"]
[Round "6.36"]
[White "Konkol, Sandra"]
[Black "Slusarczyk, Anna"]
[Result "0-1"]
[WhiteElo "1235"]
[BlackElo "1330"]
[PlyCount "54"]
[EventDate "2020.10.23"]
[EventType "team-swiss"]
[EventRounds "9"]
[EventCountry "POL"]
[SourceTitle "CBM 199 Extra"]
[Source "ChessBase"]
[SourceDate "2021.01.31"]
[SourceVersion "1"]
[SourceVersionDate "2021.01.31"]
[SourceQuality "1"]

1. e4 c5 2. Nc3 e6 3. g3 Nc6 4. Bg2 Nf6 5. d3 d6 6. Nge2 Be7 7. 0-0 0-0 8. f4 a6 9. h3 Qc7 10. g4 b5 11. g5 Nd7 12. h4 Nb6 13. Be3 b4 14. Nb1 d5 15. exd5 Nxd5 16. Bxd5 exd5 17. Ng3 Bh3 18. Rf2 Rfe8 19. Qf3 d4 20. Bd2 Bc8 21. f5 Bb7 22. f6 Ne5 23. Qh5 Nxd3 24. Nf5 Nxf2 25. Nxe7+ Rxe7 26. fxe7 Qg3+ 27. Kf1 Bf3 0-1

[Event "Wch U10 Girls rapid"]
[Site "Minsk"]
[Date "2019.08.16"]
[Round "2"]
[White "Konkol, Sandra"]
[Black "Smietanska, Wiktoria"]
[Result "1/2-1/2"]
[WhiteElo "1271"]
[BlackElo "1614"]
[PlyCount "182"]
[EventDate "2019.08.16"]
[EventType "swiss (rapid)"]
[EventRounds "9"]
[EventCountry "BLR"]
[SourceTitle "EXT 2020"]
[Source "ChessBase"]
[SourceDate "2019.10.17"]
[SourceVersion "1"]
[SourceVersionDate "2019.10.17"]
[SourceQuality "1"]

1. e4 c5 2. Nf3 d6 3. d4 Nf6 4. Nc3 cxd4 5. Nxd4 a6 6. Bc4 e6 7. Bg5 Be7 8. 0-0 0-0 9. Re1 b5 10. Bb3 Qd7 11. Qf3 Bb7 12. Rad1 h6 13. Bxf6 Bxf6 14. Qg3 Rd8 15. h3 Qc7 16. Bxe6 Bxd4 17. Bxf7+ Qxf7 18. Rxd4 Qf6 19. Red1 Nc6 20. Rxd6 Rxd6 21. Rxd6 Qe5 22. Qxe5 Nxe5 23. b3 Rc8 24. Nd5 Bxd5 25. exd5 Rxc2 26. Rxa6 Rd2 27. d6 Nf7 28. Ra8+ Kh7 29. Rb8 Nxd6 30. Rd8 Ne4 31. Rxd2 Nxd2 32. a4 bxa4 33. bxa4 Nc4 34. Kf1 Kg6 35. Ke2 Kf6 36. Kf3 Ke5 37. Kg4 g6 38. f4+ Kf6 39. h4 h5+ 40. Kf3 Kf5 41. g3 Na5 42. Ke3 Kg4 43. Kf2 Nc4 44. Kg2 Na5 45. Kf2 Nc6 46. Kg2 Na5 47. Kf2 Kf5 48. Ke3 Nc6 49. Kf2 Ke4 50. Ke2 Nd4+ 51. Kf2 Nb3 52. Ke2 Na5 53. Kf2 Kd3 54. Kf3 Nc4 55. Kf2 Ke4 56. Ke2 Na5 57. Kf2 Nb3 58. Ke2 Nd4+ 59. Kf2 Kd3 60. a5 Nb5 61. a6 Ke4 62. Ke2 Kf5 63. Kf3 Nd4+ 64. Ke3 Nc6 65. Kf3 Na7 66. Ke3 Kg4 67. Kf2 Nc6 68. Kg2 Kf5 69. Kf3 Nd4+ 70. Ke3 Nb5 71. Kf3 Ke6 72. Ke4 Na7 73. Kd4 Kd6 74. Ke4 Nc6 75. f5 Ke7 76. fxg6 Kf6 77. Kf4 Kxg6 78. g4 hxg4 79. Kxg4 Na7 80. h5+ Kh6 81. Kf5 Kxh5 82. Ke6 Kg6 83. Kd7 Kf7 84. Kc7 Nb5+ 85. Kb6 Nd6 86. Kc6 Nc8 87. Kc7 Na7 88. Kb6 Nc8+ 89. Kb7 Nd6+ 90. Kc7 Nb5+ 91. Kb6 Nd6 1/2-1/2